| 000 | 01138naa a22002777a 4500 | ||
|---|---|---|---|
| 001 | BR9400037 | ||
| 003 | BR-BrBNA | ||
| 005 | 20250721155446.0 | ||
| 007 | ta | ||
| 008 | 250630b bl.|||m| |||| 00| 0 por d | ||
| 040 |
_aBR-BrBNA _bpor _cBiblioteca Nacional de Agricultura |
||
| 041 | _a(Pt) | ||
| 072 |
_aF02 _b0110 |
||
| 090 | _aF02 BR9400037 | ||
| 100 | 1 | _aArias, G. | |
| 245 | 1 | _aEpocas de semeadura para cevada cervejeira: resultados de 1987 | |
| 500 | _a1no. 15 Resultados de Pesquisa do Centro Nacional de Pesquisa de Trigo apresentados na 6, 7 e 8 Reunioes Anuais de Pesquisa de Cevada Passo Fundo, RS (Brasil): 1988. p. 224-232 [5 tables] (BR9400037-AMS) | ||
| 773 | 0 |
_tResultados de Pesquisa do Centro Nacional de Pesquisa de Trigo apresentados na 6, 7 e 8 Reunioes Anuais de Pesquisa de Cevada _wF02 BR9400037 _gPasso Fundo, RS (Brasil), 1988. p. 224-232 |
|
| 650 | _aCevada | ||
| 650 | _aEpoca de Semeadura | ||
| 650 | _aRendimento | ||
| 650 | _aGenotipo | ||
| 490 |
_aDocumentos - Centro Nacional de Pesquisa de Trigo (Brazil) _xISSN 0101-6644 |
||
| 942 |
_cAMS _2AGRIS |
||
| 909 |
_a202506 _bLúcia _c55 _dLúcia Elande |
||
| 999 |
_c336621 _d336621 |
||